[Event "Titled Tuesday intern op 02nd Jul Early"]
[Site "Chess.com INT"]
[Date "2024.07.02"]
[Round "1"]
[White "Srebrnic, Ana"]
[Black "Brodowski, Piotr"]
[Result "0-1"]
[WhiteElo "2149"]
[BlackElo "2428"]
[PlyCount "98"]
[EventDate "2024.07.02"]
[EventType "swiss (blitz)"]
[EventRounds "11"]
[EventCountry "USA"]
[SourceTitle "EXT 2025"]
[Source "ChessBase"]
[SourceDate "2024.10.14"]
[SourceVersion "1"]
[SourceVersionDate "2024.10.14"]
[SourceQuality "1"]

1. d4 Nf6 2. Bf4 c5 3. e3 Qb6 4. Nc3 e6 5. Nf3 a6 6. Rb1 d5 7. Bd3 Nc6 8. 0-0 c4 9. Be2 Qa5 10. Ne5 Bb4 11. Nxc6 bxc6 12. a3 Bxc3 13. bxc3 Qxa3 14. Rb6 0-0 15. Qa1 Qe7 16. Rxc6 Rd8 17. Rb1 h6 18. Qa5 Qe8 19. Rc7 Bd7 20. Rbb7 Rdb8 21. f3 Rxb7 22. Rxb7 Bb5 23. Qb6 Qc6 24. Rb8+ Rxb8 25. Qxb8+ Kh7 26. Qa7 Qd7 27. Qa8 Qc6 28. Qa7 Qd7 29. Qa8 Ng8 30. e4 Ne7 31. Kf2 Nc6 32. exd5 exd5 33. Bg3 Qf5 34. Qb7 f6 35. Bd1 Qg5 36. Ke2 Qf5 37. Kf2 Qe6 38. Be2 Qe7 39. Qa8 Qa3 40. Bc7 Qxc3 41. Qb7 Qxd4+ 42. Kg3 Qe3 43. Bd1 Qe1+ 44. Kh3 Qxd1 45. Bd6 Qxc2 46. Qd7 Qg6 47. Qc8 Ne5 48. Bf8 Bd7+ 49. Qxd7 Nxd7 0-1

[Event "Titled Tuesday intern op 02nd Jul Early"]
[Site "Chess.com INT"]
[Date "2024.07.02"]
[Round "3"]
[White "Srebrnic, Ana"]
[Black "Liu, Zachary Hankun"]
[Result "0-1"]
[WhiteElo "2149"]
[BlackElo "1996"]
[PlyCount "86"]
[EventDate "2024.07.02"]
[EventType "swiss (blitz)"]
[EventRounds "11"]
[EventCountry "USA"]
[SourceTitle "EXT 2025"]
[Source "ChessBase"]
[SourceDate "2024.10.14"]
[SourceVersion "1"]
[SourceVersionDate "2024.10.14"]
[SourceQuality "1"]

1. d4 d5 2. Bf4 c5 3. e3 Nc6 4. c3 Nf6 5. Nd2 Bf5 6. Qb3 Qc8 7. Ngf3 e6 8. Bb5 c4 9. Qa4 a6 10. Bxc6+ Qxc6 11. Qxc6+ bxc6 12. Ne5 c5 13. h3 Nd7 14. g4 Nxe5 15. Bxe5 Bg6 16. Nf3 f6 17. Bg3 Kd7 18. Kd2 Be4 19. Ke2 cxd4 20. exd4 Bd3+ 21. Kd2 Be4 22. Ke3 Bd6 23. Bxd6 Kxd6 24. Nd2 Bxh1 25. Rxh1 Rab8 26. Rb1 a5 27. a3 Rb7 28. f4 Rhb8 29. b4 cxb3 30. Kd3 h5 31. a4 hxg4 32. hxg4 Rh8 33. Rxb3 Rxb3 34. Nxb3 Rh3+ 35. Kc2 Rg3 36. Nxa5 Rxg4 37. f5 exf5 38. Nb3 Rg2+ 39. Kd3 f4 40. Nc5 g5 41. a5 Ra2 42. a6 f3 43. Ke3 f2 0-1

[Event "Titled Tuesday intern op 02nd Jul Early"]
[Site "Chess.com INT"]
[Date "2024.07.02"]
[Round "2"]
[White "Turzo, Attila"]
[Black "Srebrnic, Ana"]
[Result "1-0"]
[WhiteElo "2278"]
[BlackElo "2149"]
[PlyCount "117"]
[EventDate "2024.07.02"]
[EventType "swiss (blitz)"]
[EventRounds "11"]
[EventCountry "USA"]
[SourceTitle "EXT 2025"]
[Source "ChessBase"]
[SourceDate "2024.10.14"]
[SourceVersion "1"]
[SourceVersionDate "2024.10.14"]
[SourceQuality "1"]

1. d4 Nf6 2. c4 e6 3. Nf3 Bb4+ 4. Bd2 Qe7 5. g3 0-0 6. Bg2 Bxd2+ 7. Qxd2 d6 8. Nc3 Nbd7 9. 0-0 e5 10. Rfe1 c6 11. e4 Re8 12. Rad1 a5 13. b3 Nf8 14. c5 dxc5 15. dxe5 Ng4 16. h3 Nxe5 17. Nxe5 Qxe5 18. f4 Qe7 19. e5 Ne6 20. Ne4 Nd4 21. Nxc5 Qxc5 22. Qxd4 Qxd4+ 23. Rxd4 Be6 24. g4 g6 25. Kf2 a4 26. bxa4 Bxa2 27. Ra1 Be6 28. Rb1 Ra7 29. Rdb4 Re7 30. a5 Rxa5 31. Rxb7 Ra2+ 32. R7b2 Rxb2+ 33. Rxb2 Bd5 34. Bxd5 cxd5 35. Rb5 Ra7 36. Rxd5 Ra3 37. Kg2 Ra2+ 38. Kg3 Ra3+ 39. Kh4 Kg7 40. g5 Ra4 41. Kg4 Ra1 42. Rd7 Rg1+ 43. Kh4 Rf1 44. Kg3 Re1 45. h4 Re3+ 46. Kg4 Re1 47. Re7 Rg1+ 48. Kf3 Rh1 49. e6 Rxh4 50. Rxf7+ Kg8 51. Rf6 Rh1 52. e7 Re1 53. Rf8+ Kg7 54. e8Q Rxe8 55. Rxe8 Kf7 56. Re5 Kg7 57. Ke4 Kf7 58. Kd5 Kg7 59. Ke6 1-0

[Event "Titled Tuesday intern op 25th Jun Early"]
[Site "Chess.com INT"]
[Date "2024.06.25"]
[Round "4"]
[White "Piesik, Piotr"]
[Black "Srebrnic, Ana"]
[Result "1-0"]
[WhiteElo "2415"]
[BlackElo "2149"]
[PlyCount "87"]
[EventDate "2024.06.25"]
[EventType "swiss (blitz)"]
[EventRounds "11"]
[EventCountry "USA"]
[SourceTitle "EXT 2025"]
[Source "ChessBase"]
[SourceDate "2024.10.14"]
[SourceVersion "1"]
[SourceVersionDate "2024.10.14"]
[SourceQuality "1"]

1. Nf3 c5 2. g3 b6 3. Bg2 Bb7 4. 0-0 Nf6 5. c4 e6 6. Nc3 d5 7. cxd5 exd5 8. d4 Nbd7 9. Bf4 Be7 10. Nb5 0-0 11. Bc7 Qc8 12. Bd6 Bxd6 13. Nxd6 Qc7 14. Nxb7 Qxb7 15. Ne5 Ne4 16. Nxd7 Qxd7 17. Bxe4 dxe4 18. dxc5 Qxd1 19. Rfxd1 bxc5 20. Rac1 Rab8 21. b3 Rb5 22. Rd5 Rc8 23. Rc4 Ra5 24. Rxe4 Rxa2 25. Rxc5 Rb8 26. Rb5 Rc8 27. Rb7 Rb2 28. Ree7 Rf8 29. Re3 g6 30. Rxa7 Rb8 31. Ree7 Rf8 32. Rab7 Rb1+ 33. Kg2 Kg7 34. g4 h6 35. h4 g5 36. h5 Kf6 37. Rec7 Rb2 38. Kf3 Ke6 39. Rc6+ Kd5 40. Rxh6 Rc8 41. Rb5+ Kd4 42. Rd6+ Kc3 43. Rd3+ Kc2 44. Rxg5 1-0

[Event "Titled Tuesday intern op 25th Jun Early"]
[Site "Chess.com INT"]
[Date "2024.06.25"]
[Round "8"]
[White "Srebrnic, Ana"]
[Black "Rodriguez Santiago, Jaime"]
[Result "0-1"]
[WhiteElo "2149"]
[BlackElo "2042"]
[PlyCount "46"]
[EventDate "2024.06.25"]
[EventType "swiss (blitz)"]
[EventRounds "11"]
[EventCountry "USA"]
[SourceTitle "EXT 2025"]
[Source "ChessBase"]
[SourceDate "2024.10.14"]
[SourceVersion "1"]
[SourceVersionDate "2024.10.14"]
[SourceQuality "1"]

1. d4 Nf6 2. Bf4 d5 3. e3 c5 4. c3 Nc6 5. Nd2 e6 6. Ngf3 cxd4 7. exd4 Nh5 8. Bg3 Bd6 9. Bxd6 Qxd6 10. Ne5 g6 11. Ndf3 f6 12. Nd3 0-0 13. Ke2 e5 14. Nc5 Nf4+ 15. Kd2 exd4 16. cxd4 Nxd4 17. Nxd4 Qxc5 18. Qa4 Ne6 19. Nxe6 Bxe6 20. Rc1 Qxf2+ 21. Kd1 Rfe8 22. Qc2 Bg4+ 23. Be2 Rxe2 0-1

[Event "Titled Tuesday intern op 25th Jun Early"]
[Site "Chess.com INT"]
[Date "2024.06.25"]
[Round "11"]
[White "Srebrnic, Ana"]
[Black "Tarasova, Viktoriya"]
[Result "0-1"]
[WhiteElo "2149"]
[BlackElo "2226"]
[PlyCount "58"]
[EventDate "2024.06.25"]
[EventType "swiss (blitz)"]
[EventRounds "11"]
[EventCountry "USA"]
[SourceTitle "EXT 2025"]
[Source "ChessBase"]
[SourceDate "2024.10.14"]
[SourceVersion "1"]
[SourceVersionDate "2024.10.14"]
[SourceQuality "1"]

1. d4 Nf6 2. Bf4 b6 3. e3 Bb7 4. Nf3 g6 5. Be2 Bg7 6. c3 d6 7. Nbd2 0-0 8. Qc2 Nfd7 9. e4 e5 10. dxe5 dxe5 11. Be3 Nc6 12. 0-0 h6 13. Rad1 Qe7 14. Nb3 f5 15. Bc1 Rad8 16. Bd3 f4 17. Nbd2 g5 18. h3 h5 19. Bc4+ Kh7 20. Nb3 g4 21. hxg4 hxg4 22. Ne1 Qh4 23. Be6 Rh8 24. Bxd7 Kg6 25. Bf5+ Kf6 26. f3 Rxd1 27. Qxd1 Ba6 28. Qd7 Qh1+ 29. Kf2 Qxf1# 0-1

[Event "Titled Tuesday intern op 09th May Early"]
[Site "Chess.com INT"]
[Date "2023.05.09"]
[Round "4"]
[White "Castillo Pena, Patricia Evarista"]
[Black "Srebrnic, Ana"]
[Result "1-0"]
[WhiteElo "1783"]
[BlackElo "2149"]
[PlyCount "71"]
[EventDate "2023.05.09"]
[EventType "swiss (blitz)"]
[EventRounds "11"]
[EventCountry "USA"]
[SourceTitle "CBM 214 Extra"]
[Source "ChessBase"]
[SourceDate "2023.07.31"]
[SourceVersion "1"]
[SourceVersionDate "2023.07.31"]
[SourceQuality "1"]

1. d4 Nf6 2. Nf3 e6 3. e3 d5 4. Bd3 c5 5. b3 Nc6 6. Bb2 Be7 7. 0-0 0-0 8. Nbd2 b6 9. Ne5 Bb7 10. a3 cxd4 11. exd4 Rc8 12. Rc1 Qc7 13. Qe2 Nd7 14. Rfe1 Bf6 15. c4 dxc4 16. bxc4 Bxe5 17. dxe5 Nc5 18. Bb1 Rcd8 19. Ne4 Ne7 20. Nf6+ gxf6 21. exf6 Ng6 22. Qh5 Qc6 23. Be4 Nxe4 24. Qh6 Nxf6 25. f3 Qc5+ 26. Kh1 Qf5 27. Rcd1 Rxd1 28. Rxd1 Bxf3 29. Rf1 Bxg2+ 30. Kxg2 Qg4+ 31. Kh1 Qe4+ 32. Kg1 Qe3+ 33. Qxe3 Kg7 34. Qg5 Kg8 35. Qxf6 e5 36. Bxe5 1-0

[Event "Titled Tuesday intern op 09th May Early"]
[Site "Chess.com INT"]
[Date "2023.05.09"]
[Round "5"]
[White "Srebrnic, Ana"]
[Black "Ankudinova, Elena"]
[Result "0-1"]
[WhiteElo "2149"]
[BlackElo "1947"]
[PlyCount "56"]
[EventDate "2023.05.09"]
[EventType "swiss (blitz)"]
[EventRounds "11"]
[EventCountry "USA"]
[SourceTitle "CBM 214 Extra"]
[Source "ChessBase"]
[SourceDate "2023.07.31"]
[SourceVersion "1"]
[SourceVersionDate "2023.07.31"]
[SourceQuality "1"]

1. d4 d5 2. Bf4 Nf6 3. e3 c5 4. c3 Nc6 5. Nd2 Qb6 6. Qb3 c4 7. Qc2 g6 8. Ngf3 Bf5 9. Qc1 Bg7 10. Nh4 Bd7 11. Nhf3 0-0 12. Be2 Nh5 13. Bg3 Nxg3 14. hxg3 Qc7 15. b3 b5 16. Ng5 h6 17. Ngf3 e5 18. dxe5 Nxe5 19. Nxe5 Qxe5 20. Bf3 Be6 21. Rb1 Qxc3 22. Qxc3 Bxc3 23. Ke2 Kg7 24. Rhd1 Bf5 25. e4 Rfe8 26. Kf1 dxe4 27. Be2 Bxd2 28. Rxd2 e3 0-1

[Event "SLO-chT 29th"]
[Site "Slovenia"]
[Date "2019.12.22"]
[Round "9.3"]
[White "Srebrnic, Ana"]
[Black "Cigan, Stefan"]
[Result "0-1"]
[WhiteElo "2165"]
[BlackElo "2318"]
[PlyCount "70"]
[EventDate "2019.09.06"]
[EventType "team-tourn"]
[EventRounds "9"]
[EventCountry "SLO"]
[SourceTitle "CBM 195 Extra"]
[Source "ChessBase"]
[SourceDate "2020.05.31"]
[SourceVersion "1"]
[SourceVersionDate "2020.05.31"]
[SourceQuality "1"]
[WhiteTeam "Ljubljana"]
[BlackTeam "Murska Sobota Radenska"]
[WhiteTeamCountry "SLO"]
[BlackTeamCountry "SLO"]

1. d4 Nf6 2. Nc3 d5 3. Bf4 c6 4. Qd2 Bf5 5. f3 e6 6. g4 Bg6 7. h4 h5 8. g5 Nfd7 9. e4 Bb4 10. exd5 exd5 11. 0-0-0 0-0 12. a3 Be7 13. Bd3 Nb6 14. Nge2 N8d7 15. Kb1 Re8 16. Bg3 Bxd3 17. Qxd3 Bxa3 18. g6 fxg6 19. b3 Qf6 20. Bf4 a5 21. Rhg1 Nf8 22. Bc7 Nbd7 23. Rg5 Rac8 24. Bg3 Re7 25. Rg1 Rce8 26. Bf2 Bd6 27. f4 b5 28. f5 b4 29. Rxg6 Nxg6 30. Rxg6 Qf8 31. Rxd6 bxc3 32. Re6 Rxe6 33. fxe6 Rxe6 34. Bg3 Qe8 35. Nf4 Re3 0-1

[Event "BCF-chT1d 1819 (4NCL) Demotion pool"]
[Site "England"]
[Date "2019.05.05"]
[Round "10.87"]
[White "Srebrnic, Ana"]
[Black "Kett, Timothy"]
[Result "1-0"]
[WhiteElo "2173"]
[BlackElo "2208"]
[PlyCount "117"]
[EventDate "2018.11.10"]
[EventType "team-tourn"]
[EventRounds "4"]
[EventCountry "ENG"]
[SourceTitle "CBM 190 Extra"]
[Source "ChessBase"]
[SourceDate "2019.07.15"]
[SourceVersion "1"]
[SourceVersionDate "2019.07.15"]
[SourceQuality "1"]
[WhiteTeam "Wood Green Monarchs"]
[BlackTeam "West is Best"]
[WhiteTeamCountry "ENG"]
[BlackTeamCountry "ENG"]

1. Nf3 c5 2. c4 g6 3. d4 cxd4 4. Qxd4 Nf6 5. Bg5 Bg7 6. Nc3 0-0 7. Qd2 Nc6 8. Rc1 d6 9. g3 Be6 10. b3 a6 11. Bg2 Rc8 12. 0-0 Qa5 13. Bh6 b5 14. Bxg7 Kxg7 15. cxb5 axb5 16. Ng5 Bd7 17. Rfd1 h6 18. Nge4 b4 19. Nb1 Nxe4 20. Bxe4 Qe5 21. Bg2 Rc7 22. Rc4 Rfc8 23. Rdc1 e6 24. f4 Qa5 25. Qxd6 Qxa2 26. Nd2 Be8 27. Nf1 Qa7+ 28. e3 Rd7 29. Qc5 Qxc5 30. Rxc5 Rdc7 31. Nd2 Kf8 32. Nf3 Ke7 33. Nd4 Nxd4 34. Rxc7+ Rxc7 35. Rxc7+ Kd6 36. Rb7 Nxb3 37. Rxb4 Nc5 38. Rd4+ Ke7 39. Kf2 Nd7 40. Bc6 Nf6 41. Bxe8 Kxe8 42. h3 Ke7 43. Ra4 e5 44. Ra7+ Ke6 45. Ra6+ Ke7 46. Kf3 e4+ 47. Kf2 h5 48. Ra5 Nd7 49. Ke2 f5 50. Kd2 Ke6 51. Kc3 Nb8 52. Kc4 Nd7 53. Ra6+ Kf7 54. Kd5 Nf6+ 55. Ke5 Nd7+ 56. Kd6 Nf8 57. Kd5 Ke7 58. Ra7+ Kf6 59. h4 1-0

[Event "SLO-chT (Women)"]
[Site "Murska Sobota"]
[Date "2018.05.18"]
[Round "5"]
[White "Srebrnic, Ana"]
[Black "Kejzar, Petra"]
[Result "1-0"]
[WhiteElo "2195"]
[BlackElo "2071"]
[PlyCount "111"]
[EventDate "2018.04.10"]
[EventType "team-tourn"]
[EventRounds "7"]
[EventCountry "SLO"]
[SourceTitle "EXT 2020"]
[Source "ChessBase"]
[SourceDate "2019.10.17"]
[SourceVersion "1"]
[SourceVersionDate "2019.10.17"]
[SourceQuality "1"]
[WhiteTeam "Ljubljana SK (W)"]
[BlackTeam "Prevodi Dvojka (W)"]
[WhiteTeamCountry "SLO"]
[BlackTeamCountry "SLO"]

1. d4 f5 2. Bg5 Nf6 3. Bxf6 exf6 4. e3 d5 5. Bd3 Be6 6. Qf3 Qd7 7. Ne2 Nc6 8. a3 Ne7 9. Nf4 Bf7 10. h4 h5 11. Qe2 0-0-0 12. Nd2 Kb8 13. Nf1 Nc8 14. Ng3 g6 15. c4 dxc4 16. Bxc4 Bh6 17. Bxf7 Qxf7 18. Qf3 Rhe8 19. 0-0 Nd6 20. Rfc1 Ne4 21. Nf1 g5 22. Nd3 f4 23. exf4 g4 24. Qd1 Rxd4 25. Qc2 Red8 26. Re1 Rxd3 27. Rxe4 Qd5 28. Rae1 a6 29. g3 Bf8 30. Re8 Qd7 31. Rxd8+ Qxd8 32. Qc4 Ka7 33. Re3 Rd4 34. Qc3 Qd5 35. Re1 Rd3 36. Qxf6 Bc5 37. Qe5 Qc6 38. Qe4 Qb6 39. Re2 Rf3 40. Ne3 Qb5 41. Qc2 Qb6 42. Qd3 Qe6 43. b4 Bb6 44. a4 a5 45. bxa5 Bxa5 46. Qb5 Bb6 47. Qxh5 Rxg3+ 48. fxg3 Bxe3+ 49. Kf1 Qb3 50. Qa5+ Kb8 51. Kg2 b6 52. Qe1 Bc5 53. a5 bxa5 54. Re8+ Ka7 55. Qxa5+ Kb7 56. Qa8+ 1-0

[Event "BCF-chT2 1718 (4NCL) Promotion pool"]
[Site "England"]
[Date "2018.05.06"]
[Round "10.22"]
[White "Wall, Tim"]
[Black "Srebrnic, Ana"]
[Result "1/2-1/2"]
[WhiteElo "2250"]
[BlackElo "2195"]
[PlyCount "164"]
[EventDate "2017.11.11"]
[EventType "team-tourn"]
[EventRounds "11"]
[EventCountry "ENG"]
[SourceTitle "EXT 2020"]
[Source "ChessBase"]
[SourceDate "2019.10.17"]
[SourceVersion "1"]
[SourceVersionDate "2019.10.17"]
[SourceQuality "1"]
[WhiteTeam "North East England"]
[BlackTeam "Wood Green Monarchs"]
[WhiteTeamCountry "ENG"]
[BlackTeamCountry "ENG"]

1. d4 Nf6 2. Bf4 c5 3. e3 Qb6 4. Nc3 Qxb2 5. Nb5 Nd5 6. a3 a6 7. Rb1 Qa2 8. Qc1 axb5 9. Ra1 Qxa1 10. Qxa1 Nxf4 11. exf4 cxd4 12. Bxb5 e6 13. Qxd4 Nc6 14. Bxc6 bxc6 15. Nf3 f6 16. f5 e5 17. Qg4 Ba6 18. Qh5+ Ke7 19. Kd2 Rb8 20. Nh4 Bc4 21. Ng6+ hxg6 22. Qxh8 gxf5 23. Re1 f4 24. g3 Kf7 25. Qh5+ g6 26. Qh3 Be6 27. Qf1 fxg3 28. hxg3 Bxa3 29. f4 exf4 30. Qxf4 Rb5 31. Re3 Bb4+ 32. Kc1 Be7 33. Re2 Ba3+ 34. Kd2 Rd5+ 35. Ke1 Bd6 36. Qe3 Rg5 37. g4 Rxg4 38. Qa7 Bb4+ 39. Kf2 Rg5 40. Qb7 Bc5+ 41. Ke1 Bd6 42. Re3 Rb5 43. Qa8 Rb8 44. Qa7 Rb1+ 45. Ke2 Rb5 46. Rd3 Re5+ 47. Kd2 Rd5 48. Rxd5 cxd5 49. Ke3 Be5 50. Qa8 f5 51. Qd8 Bf6 52. Qb8 g5 53. Kf3 f4 54. Kg2 Kg6 55. Qe8+ Kf5 56. Qh5 d4 57. Kf2 Ke5 58. Qe2+ Kd6 59. Qa6+ Ke7 60. Kf3 Be5 61. Ke4 Kf6 62. Qa8 Bf5+ 63. Kd5 Be6+ 64. Ke4 d5+ 65. Kf3 g4+ 66. Kf2 Kf5 67. Qe8 f3 68. Qe7 Bf4 69. Qh7+ Ke5 70. Qh5+ Ke4 71. Qh7+ Bf5 72. Qe7+ Be5 73. Qh4 d3 74. cxd3+ Kxd3 75. Qg5 g3+ 76. Kxf3 Be4+ 77. Kg4 g2 78. Qc1 Bd4 79. Qd1+ Kc4 80. Qa4+ Kc3 81. Qa1+ Kd3 82. Qd1+ Kc4 1/2-1/2

[Event "BCF-chT2 1718 (4NCL) Promotion pool"]
[Site "England"]
[Date "2018.05.05"]
[Round "9.22"]
[White "Srebrnic, Ana"]
[Black "Lewis, Andrew P"]
[Result "1/2-1/2"]
[WhiteElo "2195"]
[BlackElo "2279"]
[PlyCount "88"]
[EventDate "2017.11.11"]
[EventType "team-tourn"]
[EventRounds "11"]
[EventCountry "ENG"]
[SourceTitle "EXT 2020"]
[Source "ChessBase"]
[SourceDate "2019.10.17"]
[SourceVersion "1"]
[SourceVersionDate "2019.10.17"]
[SourceQuality "1"]
[WhiteTeam "Wood Green Monarchs"]
[BlackTeam "Anglian Avengers"]
[WhiteTeamCountry "ENG"]
[BlackTeamCountry "ENG"]

1. d4 Nf6 2. Nc3 d5 3. Bf4 g6 4. Qd2 Bg7 5. Bh6 0-0 6. Bxg7 Kxg7 7. 0-0-0 Nc6 8. f3 a6 9. e4 dxe4 10. d5 Ne5 11. Nxe4 Nxe4 12. fxe4 Qd6 13. Nf3 f6 14. Be2 Bd7 15. h3 Rac8 16. Qc3 Nxf3 17. gxf3 c6 18. dxc6 Qxc6 19. Qxc6 Bxc6 20. Rhe1 Rc7 21. Rd2 g5 22. Bd3 e5 23. h4 Be8 24. Bf1 Bh5 25. Bg2 h6 26. Rd6 Bf7 27. a3 Rfc8 28. c3 Rc6 29. Rd7 R8c7 30. Red1 gxh4 31. Bh3 Kf8 32. Rd8+ Ke7 33. Rh8 h5 34. Rg1 Kd6 35. Rd1+ Kc5 36. Kc2 Kb6 37. Rh6 a5 38. Rd8 a4 39. Kd2 Kb5 40. Bf5 Kc4 41. Kc2 Kc5 42. Kd2 Rb6 43. Kc1 Bb3 44. Rxh5 Rcc6 1/2-1/2

[Event "EU-ch blitz (Women)"]
[Site "Monte Carlo"]
[Date "2017.10.23"]
[Round "12"]
[White "Srebrnic, Ana"]
[Black "Pogonina, Natalija"]
[Result "1-0"]
[WhiteElo "2196"]
[BlackElo "2466"]
[PlyCount "46"]
[EventDate "2017.10.23"]
[EventType "swiss (blitz)"]
[EventRounds "13"]
[EventCountry "MNC"]
[SourceTitle "CBM 181 Extra"]
[Source "ChessBase"]
[SourceDate "2017.12.12"]
[SourceVersion "1"]
[SourceVersionDate "2017.12.12"]
[SourceQuality "1"]

1. Nf3 d5 2. d4 Nf6 3. c4 e6 4. cxd5 exd5 5. Nc3 Bf5 6. Bg5 c6 7. Qb3 b6 8. Bxf6 Qxf6 9. e3 Nd7 10. Ba6 Rd8 11. 0-0 Bg4 12. Ne5 Nxe5 13. dxe5 Qxe5 14. Qa4 Bd7 15. Bb7 Qc7 16. Ba6 Bd6 17. e4 0-0 18. exd5 Bxh2+ 19. Kh1 cxd5 20. Qh4 Be5 21. Nxd5 Qc5 22. Bd3 h6 23. Qe4 f5 1-0

[Event "SLO-chT1 West"]
[Site "Slovenia"]
[Date "2016.11.25"]
[Round "4"]
[White "Janzelj, Tim"]
[Black "Srebrnic, Ana"]
[Result "1-0"]
[WhiteElo "2307"]
[BlackElo "2216"]
[PlyCount "65"]
[EventDate "2016.11.11"]
[EventType "team-tourn"]
[EventRounds "9"]
[EventCountry "SLO"]
[SourceTitle "EXT 2018"]
[Source "ChessBase"]
[SourceDate "2017.10.13"]
[SourceVersion "1"]
[SourceVersionDate "2017.10.13"]
[SourceQuality "1"]
[WhiteTeam "Ig"]
[BlackTeam "Nova Gorica"]
[WhiteTeamCountry "SLO"]
[BlackTeamCountry "SLO"]

1. Nf3 Nf6 2. c4 g6 3. b4 Bg7 4. Bb2 0-0 5. g3 d6 6. Bg2 e5 7. d3 Nc6 8. b5 Ne7 9. 0-0 Nd7 10. Nbd2 Nc5 11. Qc2 Ne6 12. Nb3 f5 13. d4 e4 14. Nfd2 c6 15. bxc6 bxc6 16. e3 Ba6 17. f3 exf3 18. Bxf3 Qd7 19. Rfe1 Ng5 20. Bg2 Rae8 21. Rac1 Nc8 22. Na5 Bb7 23. Nxb7 Qxb7 24. Rb1 Qa6 25. Bc3 Re7 26. c5 dxc5 27. Bf1 Qa3 28. Nc4 Nf3+ 29. Kf2 Nxe1 30. Bxe1 Qa6 31. Na5 Qxf1+ 32. Kxf1 cxd4 33. Bb4 1-0

[Event "EU-Cup (Women) 21st"]
[Site "Novi Sad"]
[Date "2016.11.10"]
[Round "5.6"]
[White "Srebrnic, Ana"]
[Black "Mira, Helene"]
[Result "1/2-1/2"]
[WhiteElo "2216"]
[BlackElo "2047"]
[PlyCount "93"]
[EventDate "2016.11.06"]
[EventType "team-swiss"]
[EventRounds "7"]
[EventCountry "SRB"]
[SourceTitle "CBM 175 Extra"]
[Source "ChessBase"]
[SourceDate "2016.12.12"]
[SourceVersion "1"]
[SourceVersionDate "2016.12.12"]
[SourceQuality "1"]
[WhiteTeam "Midland Monarchs (W)"]
[BlackTeam "Pamhagen (W)"]
[WhiteTeamCountry "ENG"]
[BlackTeamCountry "AUT"]

1. Nf3 Nf6 2. g3 d5 3. Bg2 Bg4 4. 0-0 Nbd7 5. h3 Bxf3 6. Bxf3 c6 7. d3 e6 8. Bg2 Bc5 9. e4 dxe4 10. dxe4 e5 11. a4 a5 12. Qe2 0-0 13. Nd2 Qc7 14. Nb3 Bb6 15. Qc4 Rfe8 16. Kh1 Nf8 17. Qe2 Ne6 18. c3 Nc5 19. Nxc5 Bxc5 20. Bg5 Nd7 21. Rad1 Nf8 22. Qg4 Kh8 23. Qe2 Ne6 24. Bc1 Red8 25. f4 Rxd1 26. Qxd1 exf4 27. gxf4 Ba7 28. Qe2 Rd8 29. e5 g6 30. f5 gxf5 31. Rxf5 Qb6 32. Rf1 Qc5 33. Qh5 f6 34. Be4 Nf8 35. Bf4 Qc4 36. Bg2 Ng6 37. Bh2 fxe5 38. Bxe5+ Kg8 39. Qg5 Re8 40. Bh2 Qxa4 41. Qf5 Qa2 42. Bd6 Qe6 43. Qxa5 Qxd6 44. Qxa7 Qe7 45. Qd4 Qe5 46. Rd1 Qxd4 47. Rxd4 1/2-1/2

[Event "EU-Cup (Women) 20th"]
[Site "Skopje"]
[Date "2015.10.22"]
[Round "5.1"]
[White "Srebrnic, Ana"]
[Black "Socko, Monika"]
[Result "0-1"]
[WhiteElo "2234"]
[BlackElo "2443"]
[PlyCount "82"]
[EventDate "2015.10.18"]
[EventType "team-swiss"]
[EventRounds "7"]
[EventCountry "MKD"]
[SourceTitle "CBM 168 Extra"]
[Source "ChessBase"]
[SourceDate "2015.10.29"]
[SourceVersion "1"]
[SourceVersionDate "2015.10.29"]
[SourceQuality "1"]
[WhiteTeam "Midland Monarchs (W)"]
[BlackTeam "Chieti Fischer (W)"]
[WhiteTeamCountry "ENG"]
[BlackTeamCountry "ITA"]

1. Nf3 d5 2. d4 Nf6 3. c4 e6 4. cxd5 exd5 5. Nc3 Be7 6. Bg5 c6 7. Qc2 Nbd7 8. e3 0-0 9. Bd3 Re8 10. 0-0 Nf8 11. h3 Be6 12. Ne5 N6d7 13. Bxe7 Qxe7 14. Nxd7 Bxd7 15. Ne2 Qh4 16. Ng3 Rad8 17. b4 Qg5 18. Rfe1 h5 19. Kh2 h4 20. Nf1 Qf6 21. Rab1 Ne6 22. a4 a6 23. Kg1 g6 24. Nh2 Ng5 25. f3 b5 26. Qf2 bxa4 27. Kh1 Ne4 28. Bxe4 dxe4 29. Re2 Rb8 30. Ra2 Qe7 31. Rxa4 c5 32. Rxa6 cxd4 33. exd4 e3 34. Qe1 Bf5 35. Rb2 Qd7 36. Raa2 Qxd4 37. Ng4 Be6 38. Qxh4 Qd1+ 39. Kh2 Bxg4 40. Qxg4 e2 41. Ra6 Qd3 0-1

[Event "EU-Cup (Women) 20th"]
[Site "Skopje"]
[Date "2015.10.18"]
[Round "1.1"]
[White "Stefanova, Antoaneta"]
[Black "Srebrnic, Ana"]
[Result "1-0"]
[WhiteElo "2500"]
[BlackElo "2234"]
[PlyCount "63"]
[EventDate "2015.10.18"]
[EventType "team-swiss"]
[EventRounds "7"]
[EventCountry "MKD"]
[SourceTitle "CBM 168 Extra"]
[Source "ChessBase"]
[SourceDate "2015.10.29"]
[SourceVersion "1"]
[SourceVersionDate "2015.10.29"]
[SourceQuality "1"]
[WhiteTeam "Asseko See (W)"]
[BlackTeam "Midland Monarchs (W)"]
[WhiteTeamCountry "MKD"]
[BlackTeamCountry "ENG"]

1. d4 Nf6 2. Nf3 g6 3. g3 Bg7 4. Bg2 0-0 5. 0-0 d6 6. a4 c6 7. Nc3 d5 8. Ne5 Na6 9. Re1 Ng4 10. f4 Nxe5 11. dxe5 Nb4 12. a5 Bf5 13. e4 dxe4 14. Qe2 Qc8 15. Nxe4 Bg4 16. Qf2 Nd5 17. Bd2 Rd8 18. c4 Nc7 19. Be3 a6 20. Bb6 Re8 21. b4 Ne6 22. h3 Bf5 23. Qf3 Nf8 24. g4 Be6 25. Rac1 Qb8 26. f5 gxf5 27. gxf5 Bxe5 28. fxe6 Nxe6 29. Kh1 Rf8 30. Nc5 Nxc5 31. Bxc5 Qc7 32. Qg4+ 1-0